000 00738nam a2200181Ia 4500
008 100921s9999 xx 000 0 und d
082 _b9799
_a550 थ 65
100 _aटॅनहिल इव्हान रे,अनुकर्वे चिं.श्री.
245 _aहवेच्या विश्वात.
260 _bवोरा अँड कंपनी,मुंबई.
_c1965
300 _a146
_b---
365 _b3
520 _aविज्ञान-भौमिक शास्त्रे.
630 _aहवेच्या विश्वात.
650 _aविज्ञान-भौमिक शास्त्रे.
730 _aहवेच्या विश्वात.
942 _cBOOK
999 _c758912
_d758909